Маските на Бога (Запис номер 54157)
[ съкратено ]
| 000 -Лидер | |
|---|---|
| Контролно поле с фиксирана дължина | 02383nam a2200493 c 4500 |
| 003 - Код на организацията, давaща контролен номер | |
| Контролно поле | BLK |
| 005 - Дата и час на последна редакция | |
| Контролно поле | 20250218102902.0 |
| 008 - Елементи от данни с фиксирана дължина | |
| fixed length control field | 180408b bul|||||r ||||||| ||bul|| |
| 010 ## - Наследен системен номер | |
| LC control number | KNG00058101000 |
| 020 ## - Международен стандартен номер на книга ISBN | |
| Международен стандартен номер на книга ISBN | 954-320-040-8 |
| -- | издат.: Рива - на том(т. 3) |
| 040 ## - Източник на каталожния запис | |
| Идентификатор на билиотеката - собственик на записа | BLK |
| 041 ## - Код за език | |
| Код за езика на текст/звукозапис или на отделно заглавие | Български |
| Код за езика КДБФ | Български |
| 080 ## - УДК | |
| Текстов определител УДК | Обща и сравнителна наука за религията. Религиозна традиция и литература на отделен народ |
| УДК код - определител по УДК | 291 |
| УДК определител | |
| УДК - код + определител | 291 |
| 080 ## - УДК | |
| Текстов определител УДК | Етнология. Етнография. Нрави. Обичаи. Бит. Фолклористика. Вж и 572 ; 903 ; 904 |
| УДК код - определител по УДК | 39 |
| УДК определител | |
| УДК - код + определител | 39 |
| 100 1# - Редна дума - Автор | |
| Автор | Камбъл, Джоузеф |
| Авторска отговорност | първи автор |
| R(LIN) | 285272 |
| 139 ## - Редно поле | |
| Редна дума | Камбъл, Джоузеф |
| Авторски знак | Камб - К 22 |
| 245 10 - Сведения за заглавието | |
| Заглавие | Маските на Бога |
| Подзаглавни данни | В 4 т. |
| Редно поле (дума) | Джоузеф Камбъл; прев. от англ. Цветан Георгиев Петков. |
| Том | Т. 3 |
| Заглавие на том | Западна митология |
| 257 ## - Страна на издаване | |
| Страна на създаване/издаване | Великобритания |
| 260 ## - Област на издателските данни | |
| -- | София |
| Година на издаване | 2002 - |
| Печатница | София : Симолини |
| 300 ## - Физическа характеристика | |
| Размери/Мащаб | 21 см |
| 380 ## - Жанр | |
| Жанр | Религия. Теология |
| 500 ## - Общи забележки | |
| Забележка | Ориг. загл. The Masks of God / Joseph Campbell. - Офс. изд. |
| 504 ## - Забележка за наличие на библиография и др | |
| Забележка за наличие на библиография и под. | 529-554 |
| 650 #4 - Допълнително описание по предмет – тема | |
| Основно описание – тема или топоним | Митология |
| 9 (RLIN) | 162418 |
| 650 #4 - Допълнително описание по предмет – тема | |
| Основно описание – тема или топоним | Религия |
| 9 (RLIN) | 169291 |
| 650 #4 - Допълнително описание по предмет – тема | |
| Основно описание – тема или топоним | Близък Изток - митология |
| 9 (RLIN) | 285438 |
| 650 #4 - Допълнително описание по предмет – тема | |
| Основно описание – тема или топоним | Среден Изток - митология |
| 9 (RLIN) | 285439 |
| 650 #4 - Допълнително описание по предмет – тема | |
| Основно описание – тема или топоним | Западна Европа - митология |
| 9 (RLIN) | 285440 |
| 651 #0 - Допълнително описание по предмет - топоним | |
| Географско понятие | Западна Европа |
| 9 (RLIN) | 243454 |
| 651 #4 - Допълнително описание по предмет - топоним | |
| Географско понятие | Близък Изток |
| 9 (RLIN) | 269008 |
| 653 ## - Ключова дума – ненормативна | |
| Ключова дума | митология |
| 653 ## - Ключова дума – ненормативна | |
| Ключова дума | религии |
| 653 ## - Ключова дума – ненормативна | |
| Ключова дума | Западна Европа |
| 653 ## - Ключова дума – ненормативна | |
| Ключова дума | Близък Изток |
| 653 ## - Ключова дума – ненормативна | |
| Ключова дума | Средна Азия |
| 700 1# - Други автори (авторска отговорност) | |
| Лично име | Петков, Цветан Георгиев |
| Автороска отговорност (Описва отношението между автора и произведението) | прев. от англ. |
| 9 (RLIN) | 363360 |
| 760 1# - Описание на основната серия | |
| -- | - на том(т. 3) |
| Редна дума на основното описание | Камбъл, Джоузеф |
| Място на издаване, издател и година | Рива, 2005 |
| Страници - том | 582 с. : с ил. |
| Забележка - том | Ориг. загл. The Masks of Gog - Occidental Mythology / Joseph Campbell. - Библиогр. с. 529-554 ; Азб. показалец. |
| Заглавие | Т. 3 Западна митология |
| 852 ## - Местоположение | |
| Форматна сигнатура | Цб 214770 |
| 856 4# - Електронен адрес и достъп | |
| Електронен формат | pdf - файл |
| Път до файла /url/ | |
| 856 4# - Електронен адрес и достъп | |
| Електронен формат | pdf - файл |
| Път до файла /url/ | |
| 942 ## - АРТИКУЛИ | |
| Вид на библиотечния материал | Книги |
| Скрит в OPAC | Не |
| 944 ## - СЪЗДАВАНЕ И РЕДАКЦИЯ на ЗАПИСА | |
| Създаване/Редакция | Създаване |
| Дата на регистрацията/редакция | 03.02.2006 |
| Служител, извършил регистрацията/редакцията | 30560 |
| Статус, дата на статуса | Геновева Генчева |
| 944 ## - СЪЗДАВАНЕ И РЕДАКЦИЯ на ЗАПИСА | |
| Създаване/Редакция | Редакция |
| Дата на регистрацията/редакция | 13.10.2008 |
| Служител, извършил регистрацията/редакцията | |
| 999 ## - СИСТЕМНИ КОНТРОЛНИ НОМЕРА | |
| Koha biblionumber | 54157 |
| Koha biblioitemnumber | 54157 |
| Код за отписване | Код за изгубен артикул | Код за повреда | Коз за рестрикции | Код за отдаване | Артикулен № | Име на библиотеката - собственик | Име на библиотеката, в която се намира в момента | Статус (Текущо местоположение) | Дата на вписване в системата | Местоположение - отдел | Цена в лева | Инвентарен номер | Систематично азбучна сигнатура | Баркод | Номер на екземпляра | Цена в евро | Служебна бележка | Служебен тип на артикула |
|---|---|---|---|---|---|---|---|---|---|---|---|---|---|---|---|---|---|---|
| Не е изгубен | Не е повреден | без рестрикции | ползва се в читалня | 85380 | Регионална библиотека "Любен Каравелов" Русе | Регионална библиотека "Любен Каравелов" Русе | Хранилище | 2007-03-22 | Хранилище | 18.00 | 120000711499 | Цб 214770 | 120000711499 | 1 | 9.20 | Дост: Dp Вид: Д N: 31 Дата: 06.07.2006 | Книги | |
| Не е изгубен | Не е повреден | без рестрикции | заемане за дома | 85381 | Регионална библиотека "Любен Каравелов" Русе | Регионална библиотека "Любен Каравелов" Русе | Заемна - подръчен фонд | 2008-09-29 | Заемна - подръчен фонд | 18.00 | 120000729927 | П 29/К 22 | 120000729927 | 2 | 9.20 | Дост: Pk Вид: Ф N: 8937 Дата: 24.09.2008 Дата инв: 02.02.2018 Бележки инв: П2018 | Книги | |
| Не е изгубен | Не е повреден | без рестрикции | заемане за дома | 85382 | Регионална библиотека "Любен Каравелов" Русе | Регионална библиотека "Любен Каравелов" Русе | Заемна - подръчен фонд | 2008-09-29 | Заемна - подръчен фонд | 18.00 | 120000729928 | П 29/К 22 | 120000729928 | 3 | 9.20 | Дост: Pk Вид: Ф N: 8937 Дата: 24.09.2008 Дата инв: 02.02.2018 Бележки инв: П2018 | Книги | |
| Не е изгубен | Не е повреден | без рестрикции | заемане за дома | 85383 | Регионална библиотека "Любен Каравелов" Русе | Регионална библиотека "Любен Каравелов" Русе | Заемна - подръчен фонд | 2008-09-29 | Заемна - подръчен фонд | 18.00 | 120000729929 | П 29/К 22 | 120000729929 | 4 | 9.20 | Дост: Pk Вид: Ф N: 8937 Дата: 24.09.2008 Дата инв: 02.02.2018 Бележки инв: П2018 | Книги |